Renewable energy : progress, prospects /

Bibliographic Details
Main Author: Sawyer, Stephen W., 1948-
Format: Book
Language:English
Published: Washington, D.C. : Association of American Geographers, [1986]
Series:Resource publications in geography.
Subjects:

MARC

Tag First Indicator Second Indicator Subfields
LEADER 00000cam a2200000 a 4500
001 in00000010392
005 20151007051346.0
008 850529s1986 dcuab b 00010 eng
010 |a  85013365  
020 |a 0892911921 (pbk.) :  |c $5.00 
035 |a (OCoLC)12162564 
035 |9 AAA2598AM 
040 |a DLC  |c DLC  |d m/c  |d TXA  |d UtOrBLW 
043 |a n-us--- 
049 |a TXAM  |c [A11030798] 
050 0 0 |a TJ807.9.U6  |b S39 1986 
082 0 |a 333.79  |2 19 
100 1 |a Sawyer, Stephen W.,  |d 1948- 
245 1 0 |a Renewable energy :  |b progress, prospects /  |c Stephen W. Sawyer. 
264 1 |a Washington, D.C. :  |b Association of American Geographers,  |c [1986] 
264 4 |c ©1986 
300 |a x, 102 pages :  |b illustrations, maps ;  |c 21 cm. 
336 |a text  |b txt  |2 rdacontent 
337 |a unmediated  |b n  |2 rdamedia 
338 |a volume  |b nc  |2 rdacarrier 
490 1 |a Resource publications in geography 
504 |a Bibliography: pages 97-102. 
650 0 |a Renewable energy sources  |z United States. 
830 0 |a Resource publications in geography. 
999 |a MARS 
999 f f |s 81914047-dd38-3ff1-b804-35374956b4d6  |i 48a7842a-9603-3bbc-b872-ff2f274f1436  |t 0 
952 f f |p ric  |a Texas A&M University  |b Rellis Campus  |c Joint Library Facility  |d Remote Storage  |t 0  |e TJ807.9.U6 S39 1986  |h Library of Congress classification  |i unmediated -- volume  |m A14811030798 
998 f f |a TJ807.9.U6 S39 1986  |t 0  |l Remote Storage